The lightning thief / (Record no. 33603)
[ view plain ]
| 000 -LEADER | |
|---|---|
| fixed length control field | 01653cam a2200469 a 4500 |
| 001 - CONTROL NUMBER | |
| control field | 14056205 |
| 003 - CONTROL NUMBER IDENTIFIER | |
| control field | OSt |
| 005 - DATE AND TIME OF LATEST TRANSACTION | |
| control field | 20140410093255.0 |
| 008 - FIXED-LENGTH DATA ELEMENTS--GENERAL INFORMATION | |
| fixed length control field | 050728s2005 nyu c 000 1 eng d |
| 010 ## - LIBRARY OF CONGRESS CONTROL NUMBER | |
| LC control number | 2005299400 |
| 020 ## - INTERNATIONAL STANDARD BOOK NUMBER | |
| International Standard Book Number | 0786856297 |
| 035 ## - SYSTEM CONTROL NUMBER | |
| System control number | (OCoLC)ocm60786141 |
| 040 ## - CATALOGING SOURCE | |
| Original cataloging agency | N$V |
| Transcribing agency | N$V |
| Modifying agency | VP@ |
| -- | BAKER |
| -- | EHH |
| -- | DLC |
| 042 ## - AUTHENTICATION CODE | |
| Authentication code | lcac |
| -- | lccopycat |
| 050 00 - LIBRARY OF CONGRESS CALL NUMBER | |
| Classification number | PZ 7 |
| Item number | .R585Lt 2006 |
| 100 1# - MAIN ENTRY--PERSONAL NAME | |
| Personal name | Riordan, Rick. |
| 9 (RLIN) | 18585 |
| 245 14 - TITLE STATEMENT | |
| Title | The lightning thief / |
| Statement of responsibility, etc | Rick Riordan. |
| 250 ## - EDITION STATEMENT | |
| Edition statement | 1st ed. |
| 260 ## - PUBLICATION, DISTRIBUTION, ETC. (IMPRINT) | |
| Place of publication, distribution, etc | New York : |
| Name of publisher, distributor, etc | Miramax Books/Hyperion Books for Children, |
| Date of publication, distribution, etc | c2006. |
| 300 ## - PHYSICAL DESCRIPTION | |
| Extent | 377 p. ; |
| Dimensions | 22 cm. |
| 490 1# - SERIES STATEMENT | |
| Series statement | Percy Jackson & the Olympians ; |
| Volume number/sequential designation | bk. 1 |
| 521 ## - TARGET AUDIENCE NOTE | |
| Target audience note | |
| Source | Lexile |
| 526 ## - STUDY PROGRAM INFORMATION NOTE | |
| Reading level | 740 |
| 562 ## - COPY AND VERSION IDENTIFICATION NOTE | |
| Number of copies | For circulation two copies in the circulation |
| 650 #0 - SUBJECT ADDED ENTRY--TOPICAL TERM | |
| Topical term or geographic name as entry element | Mythology, Greek |
| Form subdivision | Juvenile fiction. |
| 9 (RLIN) | 23608 |
| 650 #1 - SUBJECT ADDED ENTRY--TOPICAL TERM | |
| Topical term or geographic name as entry element | Mythology, Greek |
| Form subdivision | Fiction. |
| 9 (RLIN) | 23609 |
| 650 #1 - SUBJECT ADDED ENTRY--TOPICAL TERM | |
| Topical term or geographic name as entry element | Camps |
| Form subdivision | Fiction. |
| 9 (RLIN) | 23610 |
| 650 #1 - SUBJECT ADDED ENTRY--TOPICAL TERM | |
| Topical term or geographic name as entry element | Friendship |
| Form subdivision | Fiction. |
| 9 (RLIN) | 23611 |
| 650 #1 - SUBJECT ADDED ENTRY--TOPICAL TERM | |
| Topical term or geographic name as entry element | Fathers and sons |
| Form subdivision | Fiction. |
| 9 (RLIN) | 23612 |
| 650 #1 - SUBJECT ADDED ENTRY--TOPICAL TERM | |
| Topical term or geographic name as entry element | Poseidon (Greek deity) |
| Form subdivision | Fiction. |
| 9 (RLIN) | 23613 |
| 650 #1 - SUBJECT ADDED ENTRY--TOPICAL TERM | |
| Topical term or geographic name as entry element | Hades (Greek deity) |
| Form subdivision | Fiction. |
| 9 (RLIN) | 23614 |
| 650 #1 - SUBJECT ADDED ENTRY--TOPICAL TERM | |
| Topical term or geographic name as entry element | Zeus (Greek deity) |
| Form subdivision | Fiction. |
| 9 (RLIN) | 23615 |
| 655 #7 - INDEX TERM--GENRE/FORM | |
| Genre/form data or focus term | Fantasy fiction. |
| Source of term | gsafd |
| 9 (RLIN) | 3053 |
| 800 1# - SERIES ADDED ENTRY--PERSONAL NAME | |
| Personal name | Riordan, Rick. |
| Title of a work | Percy Jackson & the Olympians ; |
| Volume/sequential designation | bk. 1. |
| 9 (RLIN) | 23616 |
| 856 42 - ELECTRONIC LOCATION AND ACCESS | |
| Materials specified | Publisher description |
| Uniform Resource Identifier | <a href="http://www.loc.gov/catdir/enhancements/fy0912/2005299400-d.html">http://www.loc.gov/catdir/enhancements/fy0912/2005299400-d.html</a> |
| 906 ## - LOCAL DATA ELEMENT F, LDF (RLIN) | |
| a | 7 |
| b | cbc |
| c | copycat |
| d | 2 |
| e | ncip |
| f | 20 |
| g | y-gencatlg |
| 942 ## - ADDED ENTRY ELEMENTS (KOHA) | |
| Source of classification or shelving scheme | Library of Congress Classification |
| Koha item type | Books |
| Withdrawn status | Lost status | Source of classification or shelving scheme | Damaged status | Home library | Current library | Shelving location | Date acquired | Total Checkouts | Full call number | Barcode | Date last seen | Copy number | Price effective from | Koha item type | Total Renewals | Date checked out |
|---|---|---|---|---|---|---|---|---|---|---|---|---|---|---|---|---|
| Library of Congress Classification | Luxembourg Library | Luxembourg Library | Scholastic Reading Center Section | 10/03/2013 | PZ 7 .R585Lt 2006 | LEX1215 | 04/18/2017 | 1 | 10/03/2013 | Books | ||||||
| Library of Congress Classification | Luxembourg Library | Luxembourg Library | Scholastic Reading Center Section | 10/03/2013 | 3 | PZ 7 .R585Lt 2006 | LEX1216 | 09/14/2017 | 2 | 10/03/2013 | Books | 7 | 08/17/2017 | |||
| Library of Congress Classification | Luxembourg Library | Luxembourg Library | Scholastic Reading Center Section | 10/10/2013 | 3 | PZ 7 .R585Lt 2006 | LEX0776 | 09/14/2017 | 3 | 10/10/2013 | Books | 09/08/2017 |